Primordial black holes from modified supergravity; The European Physical Journal C; Vol. 80, iss. 10
| Parent link: | The European Physical Journal C Vol. 80, iss. 10.— 2020.— [917, 20 p.] |
|---|---|
| Autor principal: | |
| Autor corporatiu: | |
| Altres autors: | , |
| Sumari: | Title screen The modified supergravity approach is applied to describe a formation of Primordial Black Holes (PBHs) after Starobinsky inflation. Our approach naturally leads to the two-(scalar)-field attractor-type double inflation, whose first stage is driven by scalaron and whose second stage is driven by another scalar field which belongs to a supergravity multiplet. The scalar potential and the kinetic terms are derived, the vacua are studied, and the inflationary dynamics of those two scalars is investigated. We numerically compute the power spectra and we find the ultra-slow-roll regime leading to an enhancement (peak) in the scalar power spectrum. This leads to an efficient formation of PBHs. We estimate the masses of PBHs and we find their density fraction (as part of Dark Matter). We show that our modified supergravity models are in agreement with inflationary observables, while they predict the PBH masses in a range between 1016 g and 1020 g. In this sense, modified supergravity provides a natural top-down approach for explaining and unifying the origin of inflation and the PBHs Dark Matter. |
| Idioma: | anglès |
| Publicat: |
2020
|
| Matèries: | |
| Accés en línia: | http://earchive.tpu.ru/handle/11683/132665 https://doi.org/10.1140/epjc/s10052-020-08506-6 |
| Format: | Electrònic Capítol de llibre |
| KOHA link: | https://koha.lib.tpu.ru/cgi-bin/koha/opac-detail.pl?biblionumber=664590 |
MARC
| LEADER | 00000naa0a2200000 4500 | ||
|---|---|---|---|
| 001 | 664590 | ||
| 005 | 20251006135319.0 | ||
| 035 | |a (RuTPU)RU\TPU\network\35774 | ||
| 035 | |a RU\TPU\network\34419 | ||
| 090 | |a 664590 | ||
| 100 | |a 20210428d2020 k||y0rusy50 ba | ||
| 101 | 0 | |a eng | |
| 135 | |a drcn ---uucaa | ||
| 181 | 0 | |a i | |
| 182 | 0 | |a b | |
| 200 | 1 | |a Primordial black holes from modified supergravity |f E. Aldabergenov, A. Addazi, S. V. Ketov | |
| 203 | |a Text |c electronic | ||
| 300 | |a Title screen | ||
| 320 | |a [References: 68 tit.] | ||
| 330 | |a The modified supergravity approach is applied to describe a formation of Primordial Black Holes (PBHs) after Starobinsky inflation. Our approach naturally leads to the two-(scalar)-field attractor-type double inflation, whose first stage is driven by scalaron and whose second stage is driven by another scalar field which belongs to a supergravity multiplet. The scalar potential and the kinetic terms are derived, the vacua are studied, and the inflationary dynamics of those two scalars is investigated. We numerically compute the power spectra and we find the ultra-slow-roll regime leading to an enhancement (peak) in the scalar power spectrum. This leads to an efficient formation of PBHs. We estimate the masses of PBHs and we find their density fraction (as part of Dark Matter). We show that our modified supergravity models are in agreement with inflationary observables, while they predict the PBH masses in a range between 1016 g and 1020 g. In this sense, modified supergravity provides a natural top-down approach for explaining and unifying the origin of inflation and the PBHs Dark Matter. | ||
| 461 | |t The European Physical Journal C | ||
| 463 | |t Vol. 80, iss. 10 |v [917, 20 p.] |d 2020 | ||
| 610 | 1 | |a электронный ресурс | |
| 610 | 1 | |a труды учёных ТПУ | |
| 610 | 1 | |a супергравитация | |
| 610 | 1 | |a темная материя | |
| 610 | 1 | |a черные дыры | |
| 700 | 1 | |a Aldabergenov |b E. |g Ermek | |
| 701 | 1 | |a Addazi |b A. |g Andrea | |
| 701 | 1 | |a Ketov |b S. V. |c physicist |c Professor of Tomsk Polytechnic University, Doctor of physical and mathematical sciences |f 1960- |g Sergey Vladimirovich |3 (RuTPU)RU\TPU\pers\36631 |9 19672 | |
| 712 | 0 | 2 | |a Национальный исследовательский Томский политехнический университет |b Исследовательская школа физики высокоэнергетических процессов |c (2017- ) |3 (RuTPU)RU\TPU\col\23551 |
| 801 | 2 | |a RU |b 63413507 |c 20210428 |g RCR | |
| 856 | 4 | |u http://earchive.tpu.ru/handle/11683/132665 |z http://earchive.tpu.ru/handle/11683/132665 | |
| 856 | 4 | |u https://doi.org/10.1140/epjc/s10052-020-08506-6 | |
| 942 | |c CF | ||